000 01963nam0a2200361 4500
001 RU\NLR\BIBL_A\012465719
005 20260405074101.0
010 _a97858907364028
_9300
021 _aRU
_b2020-68857
_9КН-П-5188
035 _a(RuMoRGB)010467473
035 _a(NLR Aleph) 012465719
090 _a12049680
_c12049680
100 _a20210303d2020 u y0rusy50 ca
101 0 _arus
102 _aRU
105 _aa|||zzzz0||zy
181 0 _ai
_baxxe
182 0 _an
200 1 _aИспользование сетей корреляционных нейронов с многоуровневым квантованием: защита от извлечения знаний из параметров решающего правила
_eпрепринт
_fА. И. Иванов, А. Е. Сулавко
_gМинистерство науки и высшего образования Российской Федерации, Федеральное государственное бюджетное образовательное учреждение высшего образования "Пензенский государственный университет" (ПГУ)
203 _aТекст
_bвизуальный
_cнепосредственный
210 _aПенза
_cИзд-во ПГУ
_d2020
215 _a46. [1] с.
_cил.
_d21
320 _aБиблиогр.: с. 44-47 (33 назв.)
606 _aКвантовые нейронные сети
_92224066
_3RU\NLR\AUTH\661335274
606 _aЧеловек
_xБиометрия
_92231735
_3RU\NLR\AUTH\6601571880
686 1 _aЗ818
686 1 _aЕ761в641.8
700 1 _8rus
_7ca
_aИванов
_bА. И.
_cд-р техн. наук, нейроинформатика
_gАлександр Иванович
_3RU\NLR\AUTH\7725976
_99021
701 1 _aСулавко
_bА. Е.
_gАлексей Евгеньевич
942 _cBOOK
980 _aNBR